000 00653nam a2200241Ia 4500
003 OSt
005 20220925210959.0
006 a|||||r|||| 00| 0
007 ta
008 220923b |||||||| |||| 00| 0 eng d
037 _cGeneral Book
040 _aRTL
_cRTL
_beng
041 _2eng
_aeng
082 _aY72.2, L8
100 _aGisbert P
_9273607
245 0 _aTribal India
_b A synthetic view of primitive man
260 _aJaipur
_bRawat
_c1978
300 _axvii, 291p
_ccm.
500 _aBibiliogarphy P 265-77
650 _aTribes
_940733
942 _hY72.2, L8
_cGB
_2CC
999 _c556397
_d556397